construcvción y comportamiento dinámico de un sistema estructural de tres grados de libertad para uso académico
שמור ב:
| מחבר ראשי: | |
|---|---|
| פורמט: | ספר |
| שפה: | Spanish |
| יצא לאור: |
[San José], Costa Rica
2017
|
| נושאים: | |
| תגים: |
הוספת תג
אין תגיות, היה/י הראשונ/ה לתייג את הרשומה!
|
MARC
| LEADER | 00000nam a22000007a 4500 | ||
|---|---|---|---|
| 003 | 012591 | ||
| 005 | 20221231144208.0 | ||
| 008 | 170503b2017 cr a|||| m||| 00| ||spa d | ||
| 040 | |c cru CEDI | ||
| 090 | |a TFG 7742 | ||
| 100 | |9 8130 |a Montero Rambla, Alberto | ||
| 245 | |a construcvción y comportamiento dinámico de un sistema estructural de tres grados de libertad para uso académico | ||
| 260 | |a [San José], Costa Rica |c 2017 | ||
| 300 | |a xxiv, 109[67] hojas; ilustraciones a color | ||
| 500 | |a Proyecto de graduación (licenciatura en ingeniería civil)--Universidad de Costa Rica. Facultad de Ingeniería. Escuela de Ingeniería Civil | ||
| 650 | |x DINAMICA DE ESTRUCTURAS |x VIBRACION (INGENIERIA) - MEDICIONES |x VIBRACION |x MODELOS MATEMATICOS |x AMORTIGUACION (MECANICA) |x DISEÑO DE ESTRUCTURAS |9 8131 | ||
| 942 | |c TFG | ||
| 999 | |c 18265 |d 18265 | ||
